Normal view
MARC view
- هالبرن ، برنار ؛ ترجمة يوسف جورجي جبرائيل ، كمال الشواربي
Entry Personal Name
001 - CONTROL NUMBER
- control field: 39411
003 - CONTROL NUMBER IDENTIFIER
- control field: JO-AjAnu
005 - DATE AND TIME OF LATEST TRANSACTION
- control field: 20230606080544.0
008 - FIXED-LENGTH DATA ELEMENTS
- fixed length control field: 230606|| aca||aabn | a|a d
040 ## - CATALOGING SOURCE
- Original cataloging agency: JO-AjAnu
- Transcribing agency: JO-AjAnu
100 ## - HEADING--PERSONAL NAME
- Personal name: هالبرن ، برنار ؛ ترجمة يوسف جورجي جبرائيل ، كمال الشواربي
670 ## - SOURCE DATA FOUND
- Source citation: Work cat.: (JO-AjAnu)20210: هالبرن ، برنار ؛ ترجمة يوسف جورجي جبرائيل ، كمال الشواربي , author, الحساسية